1117 1852 1269 1548 1365 1717 1213 1851 1283 1338 1774 1197 1889 1934 1609 1632 1304 1202 1281 1706 1209 1942 1000 1920 1336 1433 1134 1188 1749 1128 1089 1084 1244 1968 1036 1171 1095 1668 1906 1380 1846 1350 1444 1003 1659 1551 1892 1143 1921 1661 1785 1203 1946 1976 1457 1091 1168 1282 1980 1805 1417 1387 1991 1445 1642 1869 1939 1306 1942 1735 1638 1702 1267 1418 1270 1886 1578 1997 1804 1479 1547 1872 1419 1369 1460 1761 1930 1904 1447 1444 1545 1405 1603 1691 1843 1853 1518 1876 1904 BCNSPRNW ULIB Ver.6.0+V

เปลี่ยนเป็นภาษาไทย

Change to English
 แสดงรายละเอียดบรรณานุกรม
  กลับหน้าหลัก

Brief Record : Get Marc (ISO 2709) : E-mail record : QR code < ปิดหน้าต่าง
LEADER : 00000nam 2200000uu 4500
001    13399129212
003     ULIB
008    260511s2025||||th 000 0 tha d
020    ^a9781394202355
060  4 ^aWY160^bL377T
100 1  ^aDuncan, Laura.
245 1  ^aThriving in mental health nursing^h[electronic resource] /^cLaura Duncan.
260    ^aHoboken, NJ :^bWiley,^c2025.
300    ^a1 online resource.
520 8  ^aMental Health Nursing is a rapidly changing and growing area of healthcare that can be challenging and dynamic to work within. This book aims to help Mental Health professionals consider their own skills, their development needs and wellbeing as well as exploring the latest clinical research within the field and what this means for the clients we care for and support. Through the use of discussion, vignettes and activity suggestions, this book aims to improve attitudes and understanding of healthcare professionals throughout their career from first embarking on a training course to being an experienced Mental Health Nurse.A&^770; A&^770; The majority of Mental Health Nursing books focus on clinical skills or are condition focussed. Many don t encompass the need to focus on the wellbeing of the Mental Health Professional within the same context. This text will provide a 360 view of what it means to be a Mental Health Nurse and how to be a resilient, positive and proactive professional. Ensuring our own wellbeing and resilience is crucial to providing excellent quality care and so within this book we will look at the key topics from all angles.
650  0 ^aMental health personnel.
650  0 ^aNursing.
650  0 ^aPsychiatric nursing.
856 4  ^a^zWiley Online Library^uhttp://onlinelibrary.wiley.com/book/10.1002/97813
999    ^aประนอม เกษจรัล
รายการนี้ยังไม่มีแท็ก
คุณยังไม่ได้ล็อกอิน คุณสามารถมีกิจกรรมร่วมกับเว็บไซต์ได้ แต่ต้องล็อกอินก่อน ::
  ล็อกอิน

รายการสื่อสารสนเทศ

ลำดับที่ ประเภท เลขเรียก/บาร์โค้ด สถานที่ สถานะ
1. Book การพยาบาล
หนังสือสำรอง
สถานะ=หนังสือสำรอง
WY160 L377T ฉ.1 
  Barcode: 012198
ห้องสมุดวิทยาเขตสวรรค์ประชารักษ์
►หนังสือทั่วไป
บนชั้น

รายการใกล้เคียง
    หัวเรื่อง [Nursing.]
    หัวเรื่อง [Psychiatric nursing.]

BibComment


ยังไม่เคยถูกคอมเมนท์

คอมเมนท์ทรัพยากรรายการนี้
  คอมเมนท์: Thriving in ment..


 Copyright 2026. Bcnsprnw @Library